MARC details
| 000 -CABECERA |
| campo de control de longitud fija |
02751nam a2200373 a 4500 |
| 001 - NÚMERO DE CONTROL |
| campo de control |
Z_6621 |
| 003 - IDENTIFICADOR DEL NÚMERO DE CONTROL |
| campo de control |
CHAP |
| 005 - FECHA Y HORA DE LA ÚLTIMA TRANSACCIÓN |
| campo de control |
20251023100651.0 |
| 007 - CAMPO FIJO DE DESCRIPCIÓN FÍSICA--INFORMACIÓN GENERAL |
| campo de control de longitud fija |
ta |
| 008 - DATOS DE LONGITUD FIJA--INFORMACIÓN GENERAL |
| campo de control de longitud fija |
220113s2003 mx ad fr 001 0 spa d |
| 010 ## - NÚMERO DE CONTROL DE LA BIBLIOTECA DEL CONGRESO |
| Número de control de LC |
169893 |
| 020 ## - NÚMERO INTERNACIONAL ESTÁNDAR DEL LIBRO |
| Número Internacional Estándar del Libro |
84-8476-085-5 |
| 040 ## - FUENTE DE LA CATALOGACIÓN |
| Centro catalogador/agencia de origen |
Z |
| Centro/agencia transcriptor |
CHAP |
| 041 0# - CÓDIGO DE LENGUA |
| Código de lengua del sumario o resumen |
Español |
| Código de lengua de la tabla de contenido |
Español |
| 082 00 - NÚMERO DE LA CLASIFICACIÓN DECIMAL DEWEY |
| Número de clasificación |
630.25 |
| Número de documento/Ítem |
F47 2003 |
| Número de edición |
20 |
| 100 1# - ENTRADA PRINCIPAL--NOMBRE DE PERSONA |
| Nombre de persona |
Fernández Alés, Rocío |
| 9 (RLIN) |
40115 |
| Término indicativo de función/relación |
autor |
| 245 10 - MENCIÓN DE TÍTULO |
| Título |
Ecología para la agricultura / |
| Mención de responsabilidad, etc. |
Rocío Fernández Ales y María José Leiva Morales |
| 264 #1 - PRODUCCIÓN, PUBLICACIÓN, DISTRIBUCIÓN, FABRICACIÓN Y COPYRIGHT |
| Producción, publicación, distribución, fabricación y copyright |
España : |
| Nombre del de productor, editor, distribuidor, fabricante |
Mundi-Prensa, |
| Fecha de producción, publicación, distribución, fabricación o copyright |
2003 |
| 300 ## - DESCRIPCIÓN FÍSICA |
| Extensión |
223 páginas : |
| Otras características físicas |
ilustraciones, gráficas, diagramas |
| 336 ## - TIPO DE CONTENIDO |
| Fuente |
rdacontent |
| Término de tipo de contenido |
texto |
| Código de tipo de contenido |
txt |
| 337 ## - TIPO DE MEDIO |
| Fuente |
rdamedia |
| Nombre/término del tipo de medio |
sin medio |
| Código del tipo de medio |
n |
| 338 ## - TIPO DE SOPORTE |
| Fuente |
rdacarrier |
| Nombre/término del tipo de soporte |
volumen |
| Código del tipo de soporte |
nc |
| 500 ## - NOTA GENERAL |
| Nota general |
ej.1: consumo \ ej.2: consumo \ ej.3: S/N (sin sellos) |
| 504 ## - NOTA DE BIBLIOGRAFÍA, ETC. |
| Nota de bibliografía, etc. |
Bibliografía: páginas 221 - 223 |
| 505 0# - NOTA DE CONTENIDO CON FORMATO |
| Nota de contenido con formato |
Primera parte: Introducción -- 1. Ecología -- 2. El ecosistema -- 3. Ecosistemas agrarios -- 4. Agricultura e impacto ambiental -- Segunda parte: Estructura y función de ecosistemas y agroecosistemas -- 5. Producción primaria y biomasa vegetal -- 6. Producción secundaria y biomasa animal -- 7. Control de plagas -- 8. La materia orgánica muerta y su descomposición -- 9. Circulación de materia en el ecosistema -- 10. La energía en los agroecosistemas -- 11. Contaminación -- 12. Diversidad y biodiversidad -- 13. Cambios en el ecosistema. Sucesión y regresión -- 14. Paisajes agrarios -- Tercera parte: Agricultura y cambio global -- 15. Ciclos biogeoquímicos -- 16. El ciclo del agua -- Glosario -- Referencias bibliográficas. |
| 520 2# - SUMARIO, ETC. |
| Sumario, etc. |
Esta obra supone una síntesis rigurosa de una serie de aspectos fundamentales de la ecología asequibles a personas no especializadas en la materia pero que requieren de un conocimiento básico de la misma. Dentro del vasto campo de estudio que aborda la ecología, la obra se centra en los procesos que se dan en el ecosistema o a un nivel de organización superior (flujo de energía, ciclo de materiales, producción primaria y secundaria, diversidad y biodiversidad, sucesión, ciclos biogeoquímicos...), no entrando en materias como la autoecología de poblaciones, aspectos estos que se cubren bien en otros textos recientemente publicados en español. La obra se ha desarrollado dando un enfoque ecológico a la agricultura, una lectura desde la ecología de un quehacer humano que forma parte de un mundo mucho más complejo y que interacciona con él. |
| 650 ## - PUNTO DE ACCESO ADICIONAL DE MATERIA--TÉRMINO DE MATERIA |
| Término de materia o nombre geográfico como elemento de entrada |
Agricultura |
| Subdivisión general |
Aspectos ambientales |
| 9 (RLIN) |
145387 |
| 650 ## - PUNTO DE ACCESO ADICIONAL DE MATERIA--TÉRMINO DE MATERIA |
| Término de materia o nombre geográfico como elemento de entrada |
Ecología agrícola |
| 9 (RLIN) |
35165 |
| 700 1# - PUNTO DE ACCESO ADICIONAL--NOMBRE DE PERSONA |
| Nombre de persona |
Leiva Morales, María José |
| 9 (RLIN) |
145388 |
| Término indicativo de función/relación |
autor |
| 942 ## - ELEMENTOS DE PUNTO DE ACCESO ADICIONAL (KOHA) |
| Tipo de ítem Koha |
Libro |
| Fuente del sistema de clasificación o colocación |
Dewey Decimal Classification |
| 901 ## - ELEMENTOS DE DATOS A LOCAL LDA (RLIN) |
| a |
630.25 F47 2003 |
| 902 ## - ELEMENTOS DE DATOS B LOCAL, LDB (RLIN) |
| a |
M |
| 910 ## - DATOS DE OPCIÓN DEL USUARIO (OCLC) |
| Datos de opción del usuario |
2003 |